00518cam a2200169 i 450000500170000000800410001701000170005802000250007504000180010008200170011810000250013524500480016030000220020850400510023065000570028185000100033820221126110044.0130228s2013 enk b 001 0 eng  a 2013000826 a9780826437679 (pbk.) aDLCbengcDLC00a821.809bMIL1 aMiles, Rosie,d1968-10aVictorian poetry in context /cRosie Miles. axvii, 195 pages ; aIncludes bibliographical references and index. 0aEnglish poetryy19th centuryxHistory and criticism. aLCLIB